'DEF' Countries by Length Quiz Stats

 Plays Quiz Updated Jul 2, 2018

Challenge
Share
Tweet
Embed
Score 0/9 Timer 01:00
2 Plays Today
Length Country/Countries % Correct
7Denmark, Ecuador, Eritrea, Estonia, Finland
97.6%
8Djibouti, Dominica, Ethiopia, eSwatini
83%
4Fiji
79.3%
6France
78.7%
28Democratic Republic of the Congo
67.7%
17Dominican Republic
53.8%
5Egypt
48.8%
16Equatorial Guinea
40.9%
10El Salvador
22.7%

You're not logged in!

Compare scores with friends on all Sporcle quizzes.
Join for Free
OR
Log In

You Might Also Like...

Show Comments

Extras

Top Quizzes Today


Score Distribution

Your Account Isn't Verified!

In order to create a playlist on Sporcle, you need to verify the email address you used during registration. Go to your Sporcle Settings to finish the process.

Report this User

Report this user for behavior that violates our Community Guidelines.

Details: